BASIC EPIDEMIOLOGY (Record no. 534)

MARC details
000 -LEADER
fixed length control field 00353nam a2200145Ia 4500
008 - FIXED-LENGTH DATA ELEMENTS--GENERAL INFORMATION
fixed length control field 150201s2006 xx 000 0 und d
082 ## - DEWEY DECIMAL CLASSIFICATION NUMBER
Classification number 610.7
Item number B06B
100 ## - MAIN ENTRY--PERSONAL NAME
Personal name BEAGLESHOLE,R
245 ## - TITLE STATEMENT
Title BASIC EPIDEMIOLOGY
250 ## - EDITION STATEMENT
Edition statement 1ST
260 ## - PUBLICATION, DISTRIBUTION, ETC. (IMPRINT)
Name of publisher, distributor, etc. AITBS
Place of publication, distribution, etc. DELHI
Date of publication, distribution, etc. 2006
300 ## - PHYSICAL DESCRIPTION
Extent 1-174
650 ## - SUBJECT ADDED ENTRY--TOPICAL TERM
Topical term or geographic name as entry element OTHER CLINICAL & NON CLINICAL BOOKS
942 ## - ADDED ENTRY ELEMENTS (KOHA)
Source of classification or shelving scheme Dewey Decimal Classification
Koha item type Books
Koha issues (borrowed), all copies 2
Holdings
Withdrawn status Lost status Source of classification or shelving scheme Damaged status Not for loan Collection code Home library Current library Shelving location Date acquired Source of acquisition Cost, normal purchase price Serial Enumeration / chronology SGTU Bill Number Total Checkouts Full call number Barcode Date last seen Date last checked out Bill Date Koha item type
    Dewey Decimal Classification     MEDICAL SGT Medical Library SGT Medical Library Text Book 25/02/2010 U.B.S. DELHI 195.00 I SGTU 982 1 610.7 B06B FM2457 11/04/2018 23/02/2018 05/04/2011 Books
    Dewey Decimal Classification     MEDICAL SGT Medical Library SGT Medical Library Text Book 25/02/2010 U.B.S. DELHI 195.00 I SGTU 982   610.7 B06B FM2458 09/02/2015   05/04/2011 Books
    Dewey Decimal Classification     MEDICAL SGT Medical Library SGT Medical Library Text Book 25/02/2010 U.B.S. DELHI 195.00 I SGTU 982 3 610.7 B06B FM2459 13/01/2025 08/01/2025 05/04/2011 Books
    Dewey Decimal Classification     MEDICAL SGT Medical Library SGT Medical Library Text Book 25/02/2010 U.B.S. DELHI 195.00 I SGTU 982   610.7 B06B FM2460 26/04/2017   05/04/2011 Books
    Dewey Decimal Classification     MEDICAL SGT Medical Library SGT Medical Library Text Book 25/02/2010 U.B.S. DELHI 195.00 I SGTU 982 1 610.7 B06B FM2461 10/12/2018 10/12/2018 05/04/2011 Books